Toxine und Wehrsekrete bei Fischen : eine Literaturübersicht /

Bibliographic Details
Main Author: Krebs, Sylvie
Format: Thesis Book
Language:German
Published: Hannover : [publisher not identified], 1990.

MARC

Tag First Indicator Second Indicator Subfields
LEADER 00000cam a2200000Ka 4500
001 in00004530356
005 20191205081712.0
008 910507s1990 gw a bm 000 0 ger
029 1 |a NLGGC  |b 078830974 
035 |a (OCoLC)ocm23711576 
035 |a (OCoLC)23711576 
035 |z (UtOrBLW)62376 
035 |a 89630 
040 |a AGL  |b eng  |c AGL  |d OCLCQ  |d UtOrBLW 
041 0 |a ger  |b eng 
049 |a TMVM 
072 0 |a M310 
100 1 |a Krebs, Sylvie. 
242 0 0 |a Toxins and defence secretions from fishes :  |b a review of literature.  |y eng 
245 1 0 |a Toxine und Wehrsekrete bei Fischen :  |b eine Literaturübersicht /  |c vorgelegt von Sylvie Krebs. 
264 1 |a Hannover :  |b [publisher not identified],  |c 1990. 
300 |a 261 pages :  |b illustrations ;  |c 21 cm. 
336 |a text  |2 rdacontent  |b txt 
337 |a unmediated  |2 rdamedia 
338 |a volume  |2 rdacarrier  |b nc 
500 |a English summary. 
502 |b doctoral  |c Tierarztliche Hochschule Hannover  |d 1990. 
504 |a Includes bibliographical references (pages 229-260). 
994 |a C0  |b TMV 
999 |a MARS 
999 f f |s f488acc2-f762-3b3c-b423-a0e21c5e9e14  |i 9167163e-2e36-36fa-b598-16de3a967dc0  |t 0 
952 f f |p preservation  |a Texas A&M University  |b J.J. Pickle Campus  |c High Density Repository  |d Remote Storage  |t 0  |e German dissertations  |h Other scheme  |i unmediated -- volume  |m 3238902451925 
998 f f |a German dissertations  |t 0  |l Remote Storage